000 01634nam0a2200421 4500
001 RU\NLR\bibl\1740666
005 20260405223407.0
010 _a978-5-386-02874-9
_95000
021 _aRU
_b2011-7849
_9560
035 _a(nilc)RSL-KNO-004889542
035 _a(NLR Aleph) 001731583
090 _a1402977
_c1402977
100 _a20110214d2011 |||y0rusy50 ca
101 0 _arus
102 _aRU
105 _aa |||||||||
200 1 _aСовременные системы водоснабжения
_eколодцы, скважины и другие водные источники
_fНазарова В. И.
210 _aМосква
_cРИПОЛ классик
_d2011
215 _a318, [1] с.
_cил., табл.
_d21
225 1 _aЭнциклопедия строительства
_eЭС
300 _aНа обл. авт. не указан
313 _aсельское водоснабжение
606 1 _aКолодцы
_xСтроительство
_91363555
_3RU\NLR\auth\66570696
606 1 _aВодоснабжение сельское
_92088244
_3RU\NLR\auth\661264193
686 _aН761.111.1,0
_2rubbk
686 _aН761.102.2,0
_2rubbk
686 _aН762.101.17,0
_2rubbk
686 _aН711.8
686 _aН761.15
700 1 _4070
_8rus
_7ca
_aНазарова
_bВ. И.
_cспециалист по стр-ву
_gВалентина Ивановна
_3RU\NLR\auth\77101586
_984512
801 0 _aRU
_bRuMoRKP
_c20110214
_grcr
801 1 _aRU
_bRuMoRGB
_c20110214
801 2 _aRU
_bNLR
_c20110228
_grcr
830 _aавт. по кн.
942 _cBOOK
980 _aNB
980 _aNBR